000 00652nam a2200253Ia 4500
003 OSt
005 20220918164605.0
006 a|||||r|||| 00| 0
007 ta
008 220917b |||||||| |||| 00| 0 eng d
020 _a0700604839 (pbk)
024 _a157,638
037 _cTextual
040 _aARTS
_cARTS
_beng
041 _2eng
_aeng
082 _aR4:(Y15), N1
100 _aCard Claudia Ed.
_919623
245 0 _aFeminist ethics
260 _aKansas
_bUniversity Press of Kansas
_c1991
300 _a300p.
_ccm.
650 _aETHICS
942 _hR4:(Y15), N1
_cTEXL
_2CC
999 _c125485
_d125485